[Event "em-team men"]
[Site "?"]
[Date "2003.10.15"]
[Round "5.15"]
[White "Kallio, Heikki"]
[Black "Sakalauskas, Vaidas"]
[Result "1-0"]
[WhiteElo "2493"]
[BlackElo "2423"]
[PlyCount "91"]
[EventDate "2003.10.15"]

1. c4 Nf6 2. Nc3 d5 3. cxd5 Nxd5 4. g3 c5 5. Bg2 Nc7 6. Nf3 Nc6 7. O-O e5 8. d3
Be7 9. Nd2 Bd7 10. Nc4 f6 11. a4 O-O 12. f4 exf4 13. gxf4 f5 14. Be3 Kh8 15.
Rc1 Rb8 16. Kh1 b6 17. Bg1 Bf6 18. e4 Nd4 19. b4 Be6 20. bxc5 bxc5 21. exf5
Bxf5 22. Ne4 Nce6 23. Ncd6 Bxe4 24. Nxe4 Be7 25. Qg4 Nf5 26. Ng3 Ned4 27. Be4
g6 28. Rb1 Qc8 29. Rxb8 Nxg3+ 30. Qxg3 Qxb8 31. Qg4 Nf5 32. Qe2 Qd6 33. Qb2+
Bf6 34. Qb7 Bd4 35. Qxa7 Bxg1 36. Rxg1 Ne3 37. a5 Rxf4 38. Qb6 Qe5 39. Qd8+ Kg7
40. Qd7+ Kh8 41. Qd8+ Kg7 42. Qd7+ Kh8 43. a6 Rf2 44. Qh3 Ra2 45. Bxg6 Qc7 46.
Bxh7 1-0

[Event "em-team men"]
[Site "?"]
[Date "2003.10.15"]
[Round "5.16"]
[White "Dizdarevic, Emir"]
[Black "Erdogdu, Mert"]
[Result "1-0"]
[WhiteElo "2507"]
[BlackElo "2359"]
[PlyCount "103"]
[EventDate "2003.10.15"]

1. Nf3 Nf6 2. g3 g6 3. b3 Bg7 4. Bb2 O-O 5. Bg2 d6 6. d4 c5 7. c4 Nc6 8. O-O
cxd4 9. Nxd4 Bd7 10. Nc2 Qa5 11. Nc3 Ng4 12. Qd2 Qh5 13. h3 Nh6 14. h4 Ng4 15.
Rab1 Bh6 16. Qd5 g5 17. Bh3 Nf6 18. Qh1 g4 19. Bg2 Rac8 20. Rbd1 Qa5 21. Nd4
Nxd4 22. Rxd4 b5 23. Kh2 bxc4 24. bxc4 Qb4 25. Rb1 Rxc4 26. Rxc4 Qxc4 27. Ba1
Bc8 28. Qd1 Bg7 29. Rb3 Qc5 30. Kg1 e6 31. Rb5 Qc7 32. Rg5 e5 33. Nb5 Qc5 34.
Qxd6 Qxd6 35. Nxd6 h6 36. Rxe5 Nd7 37. Re7 Bxa1 38. Nxc8 Rxc8 39. Rxd7 a5 40.
Bd5 Rf8 41. Bb3 Kg7 42. Ra7 Bc3 43. Be6 h5 44. Bb3 Kg6 45. Rd7 Bf6 46. Bc2+ Kg7
47. Rd5 Rc8 48. Bd3 Rc1+ 49. Kg2 Bc3 50. Rxh5 Bd2 51. Rd5 f6 52. Rd4 1-0

[Event "em-team men"]
[Site "?"]
[Date "2003.10.15"]
[Round "5.17"]
[White "Dutreeuw, Marc"]
[Black "Klerides, Paris"]
[Result "1-0"]
[WhiteElo "2321"]
[BlackElo "2174"]
[PlyCount "130"]
[EventDate "2003.10.15"]

1. Nf3 Nf6 2. g3 g6 3. Bg2 Bg7 4. c4 O-O 5. d4 d6 6. O-O Nbd7 7. Nc3 e5 8. Be3
c6 9. Qc1 Ng4 10. Bg5 f6 11. Bd2 f5 12. dxe5 dxe5 13. h3 Ngf6 14. Bh6 e4 15.
Bxg7 Kxg7 16. Nd4 Ne5 17. Rd1 Qe7 18. b3 Bd7 19. Qe3 Rad8 20. Nc2 b6 21. f3 Nh5
22. f4 Nf7 23. g4 fxg4 24. hxg4 Bxg4 25. Nxe4 Rxd1+ 26. Rxd1 Rd8 27. Rxd8 Qxd8
28. Nf2 Bd7 29. c5 Qf6 30. Nd3 Bf5 31. Ncb4 Bxd3 32. Nxd3 bxc5 33. Qxc5 Nxf4
34. Nxf4 Qxf4 35. Qxa7 Qc1+ 36. Kf2 Qf4+ 37. Bf3 c5 38. Qxc5 Qh2+ 39. Ke1 Qh4+
40. Kd2 Qf4+ 41. Qe3 Qd6+ 42. Qd3 Qf4+ 43. Qe3 Qd6+ 44. Kc3 Qa3 45. Qd4+ Kh6
46. Qd2+ Kg7 47. Qb2 Qc5+ 48. Kd2+ Kh6 49. b4 Qg5+ 50. Kc2 Qf5+ 51. Kc1 g5 52.
Qd4 Ne5 53. Bd5 Ng6 54. Kb2 Nf4 55. Be4 Qe6 56. e3 Ne2 57. Qd3 Qe5+ 58. Kc2
Qc7+ 59. Kd2 Ng3 60. Bf3 Qe7 61. Qa6+ Kg7 62. Qb7 Qxb7 63. Bxb7 Kf6 64. a4 Ke6
65. a5 Kd6 1-0

[Event "ETCC"]
[Site "Plovdiv"]
[Date "2003.10.17"]
[Round "6.2"]
[White "Nijboer, Friso"]
[Black "Avrukh, Boris"]
[Result "1/2-1/2"]
[WhiteElo "2577"]
[BlackElo "2609"]
[PlyCount "68"]
[EventDate "2003.10.17"]

1. e4 c5 2. Nf3 Nc6 3. d4 cxd4 4. Nxd4 Nf6 5. Nc3 e5 6. Ndb5 d6 7. Bg5 a6 8.
Na3 b5 9. Bxf6 gxf6 10. Nd5 f5 11. Bd3 Be6 12. O-O Bxd5 13. exd5 Ne7 14. Qh5 e4
15. Be2 Bg7 16. c3 O-O 17. Nc2 f4 18. Qg5 f5 19. Rfd1 f3 20. gxf3 Rf6 21. Kh1
Rg6 22. Qe3 Bh6 23. Qd4 Bf4 24. Rg1 Qf8 25. Rxg6+ Nxg6 26. Rg1 Qh6 27. Rg2 Re8
28. fxe4 Rxe4 29. Qd1 Kf8 30. Bf3 Re5 31. Bh5 Nh4 32. Rg1 Ng6 33. Rg2 Nh4 34.
Rg1 Ng6 1/2-1/2

[Event "ETCC"]
[Site "Plovdiv"]
[Date "2003.10.17"]
[Round "6.3"]
[White "Berkes, Ferenc"]
[Black "Fressinet, Laurent"]
[Result "0-1"]
[WhiteElo "2616"]
[BlackElo "2654"]
[PlyCount "78"]
[EventDate "2003.10.17"]

1. d4 d5 2. c4 c6 3. Nf3 Nf6 4. Nc3 e6 5. Bg5 Nbd7 6. cxd5 exd5 7. e3 Be7 8.
Bd3 Ne4 9. Bxe7 Qxe7 10. Qc2 Ndf6 11. Ne5 O-O 12. O-O Nxc3 13. Qxc3 Ne4 14.
Bxe4 dxe4 15. b4 Be6 16. Rfc1 Qg5 17. Kh1 Rad8 18. Qc2 Qh4 19. f4 exf3 20. Nxf3
Qh6 21. Re1 Rfe8 22. e4 Bg4 23. Ne5 Bh5 24. Qc3 Qd6 25. g4 Qxd4 26. Qxd4 Rxd4
27. Nf3 Rd3 28. gxh5 Rxf3 29. Rad1 Rf2 30. Rd7 h6 31. e5 Rxa2 32. Rxb7 Rb2 33.
Rxa7 Rxb4 34. e6 Rxe6 35. Ra8+ Kh7 36. Rxe6 fxe6 37. Re8 Rg4 38. Rxe6 c5 39.
Rc6 Rg5 0-1

[Event "ETCC"]
[Site "Plovdiv"]
[Date "2003.10.17"]
[Round "6.18"]
[White "Erdogdu, Mert"]
[Black "Kett, Tim"]
[Result "1-0"]
[WhiteElo "2359"]
[BlackElo "2145"]
[PlyCount "59"]
[EventDate "2003.10.17"]

1. e4 e5 2. Nf3 Nc6 3. Bb5 f5 4. d3 fxe4 5. dxe4 Nf6 6. O-O Bc5 7. Qd3 d6 8.
Qc4 Qe7 9. Nc3 Be6 10. Nd5 a6 11. Bxc6+ bxc6 12. Nxc7+ Kd7 13. Nxe6 Qxe6 14.
Qd3 Rhf8 15. Be3 Bxe3 16. fxe3 Ke7 17. Rad1 Rfd8 18. c4 c5 19. h3 Qc8 20. Nh4
g6 21. Nf3 Qc6 22. Nd2 a5 23. Rf3 a4 24. Rdf1 Rf8 25. R1f2 Rf7 26. Nb1 Raf8 27.
Qf1 a3 28. b3 Qe8 29. Nc3 h6 30. Rxf6 1-0

[Event "ETCC"]
[Site "Plovdiv"]
[Date "2003.10.17"]
[Round "6.1"]
[White "Guseinov, Gadir"]
[Black "Grischuk, Alexander"]
[Result "1/2-1/2"]
[WhiteElo "2557"]
[BlackElo "2732"]
[PlyCount "41"]
[EventDate "2003.10.17"]

1. e4 c5 2. Nf3 d6 3. d4 cxd4 4. Nxd4 Nf6 5. Nc3 a6 6. Bg5 e6 7. f4 Qb6 8. Qd2
Nc6 9. O-O-O Qxd4 10. Qxd4 Nxd4 11. Rxd4 h6 12. Bxf6 gxf6 13. Na4 Bd7 14. Nb6
Rd8 15. Nc4 Bc6 16. Na5 Kd7 17. Be2 Rg8 18. g3 Rc8 19. Rhd1 Rc7 20. R1d2 Be7
21. Nc4 1/2-1/2

[Event "ETCC"]
[Site "Plovdiv"]
[Date "2003.10.17"]
[Round "6.4"]
[White "Kovalev, Andrei"]
[Black "Socko, Bartosz"]
[Result "1/2-1/2"]
[WhiteElo "2572"]
[BlackElo "2547"]
[PlyCount "63"]
[EventDate "2003.10.17"]

1. e4 e5 2. Nf3 Nc6 3. Bb5 a6 4. Ba4 Nf6 5. O-O Be7 6. Re1 b5 7. Bb3 d6 8. c3
O-O 9. h3 Nb8 10. d4 Nbd7 11. Nbd2 Bb7 12. Bc2 Re8 13. Nf1 Bf8 14. Ng3 g6 15.
b3 Bg7 16. d5 Qe7 17. Be3 c6 18. c4 Rec8 19. Rb1 Nc5 20. Nd2 Qc7 21. b4 Ncd7
22. dxc6 Bxc6 23. Bb3 Nf8 24. Rc1 Ne6 25. cxb5 axb5 26. Nb1 Qd7 27. Nc3 Nd4 28.
Bxd4 exd4 29. Nce2 Bxe4 30. Rxc8+ Rxc8 31. Nxd4 Ba8 32. Qd3 1/2-1/2

[Event "ETCC"]
[Site "Plovdiv"]
[Date "2003.10.17"]
[Round "6.6"]
[White "Lutz, Christopher"]
[Black "Moiseenko, Alexander"]
[Result "0-1"]
[WhiteElo "2613"]
[BlackElo "2618"]
[PlyCount "74"]
[EventDate "2003.10.17"]

1. e4 c5 2. Nf3 Nc6 3. d4 cxd4 4. Nxd4 e5 5. Nb5 d6 6. N1c3 Nf6 7. Bg5 a6 8.
Na3 b5 9. Bxf6 gxf6 10. Nd5 f5 11. Bd3 Be6 12. O-O Bxd5 13. exd5 Ne7 14. Re1
Bg7 15. Rb1 O-O 16. c4 e4 17. Bf1 Ng6 18. b4 Be5 19. Qh5 Qf6 20. Re3 {Diagram #
} 20... h6 21. Nc2 Nf4 22. Qd1 Kh7 23. g3 Rg8 24. Kh1 Qg5 25. Ra3 Nh5 26. Qe2
bxc4 27. Bh3 c3 28. Ne3 f4 29. Nc4 Nf6 30. Nxe5 Qxe5 31. gxf4 Qd4 32. Rc1 Nxd5
33. Bf5+ Kh8 34. Qh5 Qf6 35. Bxe4 Qxf4 36. Re1 Rae8 37. f3 c2 0-1

[Event "ETCC"]
[Site "Plovdiv"]
[Date "2003.10.17"]
[Round "6.7"]
[White "Agrest, Evgenij"]
[Black "Beliavsky, Alexander"]
[Result "1/2-1/2"]
[WhiteElo "2605"]
[BlackElo "2667"]
[PlyCount "128"]
[EventDate "2003.10.17"]

1. d4 Nf6 2. c4 e6 3. Nc3 Bb4 4. e3 O-O 5. Bd3 d5 6. Nf3 c5 7. O-O Nc6 8. a3
Bxc3 9. bxc3 dxc4 10. Bxc4 Qc7 11. Bb2 e5 12. h3 a6 13. Ba2 b5 14. c4 e4 15.
Ne5 Rb8 16. Nxc6 Qxc6 17. dxc5 Qxc5 18. Qd4 Qg5 19. Qe5 Bf5 20. Qg3 Qh6 21. Be5
Rbc8 22. cxb5 axb5 23. Bd4 Qg6 24. Qxg6 hxg6 25. Rfb1 Bd7 26. Rb4 Rfe8 27. Rd1
Bc6 28. Bb2 Red8 29. Rbd4 Rxd4 30. Rxd4 Ne8 31. Bb3 Kf8 32. Bc3 Nf6 33. Kh2 Ke8
34. Bb4 Bd7 35. Bd6 Rc6 36. g4 g5 37. Be5 Be6 38. Bxf6 gxf6 39. Rxe4 Ra6 40. a4
bxa4 41. Rxa4 Rxa4 42. Bxa4+ Kf8 43. Bc2 Kg7 44. Kg3 Bd5 45. h4 gxh4+ 46. Kxh4
Bf3 47. Kg3 Bc6 48. Bf5 Bb7 49. Kf4 Bc6 50. e4 Ba4 51. Bc8 Bd1 52. Kf5 Bc2 53.
Kf4 Ba4 54. Ke3 Kf8 55. Kd4 Ke7 56. f4 Bd1 57. Bf5 Ba4 58. Kc5 Bd1 59. Kd4 Ba4
60. Ke3 Bd1 61. Kf2 Kf8 62. e5 fxe5 63. fxe5 f6 64. exf6 Bxg4 1/2-1/2

[Event "ETCC"]
[Site "Plovdiv"]
[Date "2003.10.17"]
[Round "6.7"]
[White "Barkhagen, Jonas"]
[Black "Sermek, Drazen"]
[Result "1/2-1/2"]
[WhiteElo "2480"]
[BlackElo "2568"]
[PlyCount "72"]
[EventDate "2003.10.17"]

1. d4 d5 2. c4 dxc4 3. Nf3 c5 4. e4 cxd4 5. Qxd4 Qxd4 6. Nxd4 a6 7. Bxc4 e6 8.
Be3 Bd7 9. Nd2 Nf6 10. f3 Nc6 11. Nxc6 Bxc6 12. Kf2 Bd6 13. Be2 Nd7 14. Nb3 Be5
15. Bd4 Ke7 16. Rac1 Rhc8 17. Bxe5 Nxe5 18. Nd4 Bd7 19. Ke3 f6 20. a3 Nf7 21.
Nb3 Nd6 22. Rxc8 Rxc8 23. Rc1 Rxc1 24. Nxc1 Ba4 25. Kd4 Nc8 26. b3 Bd7 27. Kc5
b6+ 28. Kd4 a5 29. f4 Na7 30. e5 fxe5+ 31. Kxe5 Bc6 32. g3 Bd5 33. Kd4 Nc6+ 34.
Kc3 e5 35. fxe5 Nxe5 36. Nd3 Nxd3 1/2-1/2

[Event "ETCC"]
[Site "Plovdiv"]
[Date "2003.10.17"]
[Round "6.8"]
[White "Sedlak, Nikola"]
[Black "Stanojoski, Zvonko"]
[Result "1/2-1/2"]
[WhiteElo "2543"]
[BlackElo "2497"]
[PlyCount "112"]
[EventDate "2003.10.17"]

1. e4 c5 2. Nf3 Nc6 3. Bb5 g6 4. O-O Bg7 5. c3 e5 6. d3 Nge7 7. Be3 d6 8. d4
exd4 9. cxd4 O-O 10. Nc3 Qb6 11. Bxc6 Qxc6 12. Qd2 Bg4 13. d5 Qa6 14. Bh6 Bxf3
15. gxf3 Bxh6 16. Qxh6 Rae8 17. Rfe1 b5 18. Re3 Kh8 19. Ne2 Ng8 20. Qh4 Qa5 21.
Qf4 Qd8 22. Ng3 a5 23. Re2 f5 24. e5 g5 25. Qc1 f4 26. Nf1 Rf5 27. Qc3 b4 28.
Qd3 Rfxe5 29. Rxe5 Rxe5 30. a3 Nf6 31. axb4 Rxd5 32. Qa6 cxb4 33. Rc1 Kg7 34.
Qb7+ Kg6 35. Rc7 Qg8 36. h3 h5 37. Kg2 g4 38. hxg4 hxg4 39. fxg4 Nxg4 40. Rc8
Qe6 41. Re8 Qxe8 42. Qxd5 Qe5 43. Qg8+ Kh5 44. Qf7+ Kh6 45. Nd2 Qf6 46. Qg8 Ne5
47. Kf1 Qf7 48. Qh8+ Kg6 49. b3 f3 50. Ne4 Qf5 51. Qg8+ Kh6 52. Qh8+ Qh7 53.
Qf6+ Qg6 54. Qh8+ Qh7 55. Qf6+ Qg6 56. Qh8+ Qh7 1/2-1/2

[Event "ETCC"]
[Site "Plovdiv"]
[Date "2003.10.17"]
[Round "6.9"]
[White "Stocek, Jiri"]
[Black "Gallagher, Joseph"]
[Result "1/2-1/2"]
[WhiteElo "2545"]
[BlackElo "2522"]
[PlyCount "59"]
[EventDate "2003.10.17"]

1. Nf3 Nf6 2. g3 g6 3. b3 Bg7 4. Bb2 d6 5. d4 c5 6. c4 O-O 7. Bg2 d5 8. cxd5
Nxd5 9. Qd2 Nc7 10. O-O Nc6 11. Rd1 cxd4 12. Nxd4 Nxd4 13. Bxd4 Qxd4 14. Qxd4
Bxd4 15. Rxd4 Nb5 16. Rd5 Nd6 17. Nc3 Be6 18. Rd2 Rac8 19. Nd5 Bxd5 20. Bxd5
Rc3 21. Kg2 Kg7 22. Rad1 f5 23. Rd3 Rfc8 24. b4 Kf6 25. Bb3 Rxd3 26. Rxd3 Rc6
27. Re3 Nc4 28. Rd3 Nd6 29. Re3 Nc4 30. Rd3 1/2-1/2

[Event "ETCC"]
[Site "Plovdiv"]
[Date "2003.10.17"]
[Round "6.10"]
[White "Spasov, Vasil"]
[Black "Kanep, Meelis"]
[Result "1/2-1/2"]
[WhiteElo "2543"]
[BlackElo "2452"]
[PlyCount "56"]
[EventDate "2003.10.17"]

1. e4 c5 2. Nf3 d6 3. d4 cxd4 4. Nxd4 Nf6 5. Nc3 a6 6. Be3 e6 7. g4 h6 8. Bg2
Nc6 9. h3 Ne5 10. Qe2 g5 11. O-O-O Qc7 12. Nf3 Bd7 13. Nxe5 dxe5 14. h4 Rg8 15.
hxg5 hxg5 16. Qf3 Rg6 17. Bf1 Rc8 18. Rh8 b5 19. Bd3 b4 20. Ne2 Ng8 21. Ng3 Bb5
22. Qe2 Bxd3 23. Qxd3 Be7 24. Nh5 Kf8 25. Rd2 Rh6 26. Rxh6 Nxh6 27. f3 Qc6 28.
Qe2 f6 1/2-1/2

[Event "ETCC"]
[Site "Plovdiv"]
[Date "2003.10.17"]
[Round "6.10"]
[White "Sepp, Olav"]
[Black "Cheparinov, Ivan"]
[Result "1/2-1/2"]
[WhiteElo "2429"]
[BlackElo "2531"]
[PlyCount "113"]
[EventDate "2003.10.17"]

1. g3 c5 2. Bg2 g6 3. e4 Nc6 4. f4 Bg7 5. d3 d6 6. Nf3 e6 7. O-O Nge7 8. c3 O-O
9. Be3 b6 10. Bf2 Ba6 11. Re1 Qd7 12. Qd2 Rad8 13. Na3 e5 14. d4 cxd4 15. cxd4
exf4 16. gxf4 d5 17. e5 Nf5 18. Rac1 Rfe8 19. Nc2 Bb7 20. Ne3 Nxe3 21. Rxe3 Ne7
22. Rec3 Rc8 23. Nh4 Rxc3 24. Rxc3 f5 25. Nf3 Rc8 26. Bh4 Nc6 27. Qe1 Nd8 28.
Bxd8 Qxd8 29. Ng5 Rxc3 30. Qxc3 Qd7 31. Kf2 Bh6 32. h4 Bxg5 33. hxg5 Kf7 34.
Qa3 Bc6 35. Qc3 Bb7 36. Qh3 Ke8 37. Qa3 Bc6 38. Bf1 Kf7 39. b4 Qe7 40. Qb3 Qc7
41. Bg2 Ke6 42. b5 Ba8 43. Qb4 Kf7 44. Qa3 Qe7 45. Qh3 Ke6 46. Qc3 Bb7 47. a4
Qd7 48. Bf1 Qc8 49. Qa3 Qd8 50. Ke3 Qc7 51. Bd3 Qe7 52. Qc3 h6 53. gxh6 Qh4 54.
Qc7 Qe1+ 55. Be2 Qg1+ 56. Kd3 Qb1+ 57. Kd2 1/2-1/2

[Event "ETCC"]
[Site "Plovdiv"]
[Date "2003.10.17"]
[Round "6.10"]
[White "Radulski, Julian"]
[Black "Lauk, Ular"]
[Result "1-0"]
[WhiteElo "2475"]
[BlackElo "2380"]
[PlyCount "41"]
[EventDate "2003.10.17"]

1. e4 e5 2. Nc3 Nf6 3. g3 Bb4 4. Bg2 O-O 5. a3 Bxc3 6. dxc3 d6 7. c4 Be6 8. b3
Nbd7 9. Ne2 a6 10. Nc3 Rb8 11. a4 a5 12. O-O Nc5 13. f4 exf4 14. gxf4 Re8 15.
Bb2 Bd7 16. Qd4 Bc6 17. Rae1 Ne6 18. Qd2 Nc5 19. Nd5 Bxd5 20. cxd5 Ncxe4 21.
Bxe4 1-0

[Event "ETCC"]
[Site "Plovdiv"]
[Date "2003.10.17"]
[Round "6.11"]
[White "Halkias, Stelios"]
[Black "Arlandi, Ennio"]
[Result "1-0"]
[WhiteElo "2546"]
[BlackElo "2438"]
[PlyCount "75"]
[EventDate "2003.10.17"]

1. d4 d5 2. c4 c6 3. Nf3 Nf6 4. Nc3 a6 5. e3 b5 6. b3 Bg4 7. Be2 e6 8. O-O Nbd7
9. Bb2 Bd6 10. h3 Bh5 11. Ne5 Bxe2 12. Nxe2 Qc7 13. cxd5 cxd5 14. Rc1 Qb8 15.
Nxd7 Kxd7 16. f3 Ke7 17. Qd2 Qb7 18. Nf4 Rhc8 19. Nd3 Kf8 20. Nc5 Qe7 21. e4
dxe4 22. fxe4 e5 23. b4 exd4 24. Qxd4 Rd8 25. Qc3 Bxc5+ 26. bxc5 Qxe4 27. c6
Rac8 28. c7 Rd3 29. Qc5+ Qe7 30. Qf5 Qd7 31. Qc5+ Qe7 32. Qc6 Qe3+ 33. Kh2 Qg3+
34. Kh1 Rd2 35. Bc3 Rxa2 36. Rfd1 Re2 37. Rd8+ Re8 38. Bxf6 1-0

[Event "ETCC"]
[Site "Plovdiv"]
[Date "2003.10.17"]
[Round "6.11"]
[White "Nikolaidis, Ioannis"]
[Black "Borgo, Giulio"]
[Result "1-0"]
[WhiteElo "2467"]
[BlackElo "2419"]
[PlyCount "89"]
[EventDate "2003.10.17"]

1. Nf3 d5 2. c4 e6 3. d4 Nf6 4. Bg5 c6 5. Qc2 Nbd7 6. Nbd2 Qa5 7. g3 Ne4 8. Be3
Ndf6 9. Bh3 Nxd2 10. Bxd2 Bb4 11. O-O Bxd2 12. Nxd2 O-O 13. Bg2 Rd8 14. a3 Qc7
15. Nf3 a5 16. Rac1 dxc4 17. Qxc4 Qb6 18. Qc2 a4 19. e3 Ra5 20. Ne5 Ra6 21.
Rfd1 Bd7 22. Nd3 Ra5 23. Ne5 Raa8 24. Rd2 Be8 25. Nd3 Nd7 26. Rcd1 Ra5 27. h3
Rda8 28. Qc3 c5 29. d5 exd5 30. Nf4 Nf6 31. Nxd5 Nxd5 32. Bxd5 Qc7 33. e4 R5a6
34. e5 Rh6 35. h4 Rb8 36. Qe3 Qe7 37. f4 b5 38. f5 c4 39. Kh2 Rhb6 40. e6 fxe6
41. Bxe6+ Kh8 42. Qg5 Qf8 43. Rd8 Qf6 44. Qxf6 gxf6 45. Bf7 1-0

[Event "ETCC"]
[Site "Plovdiv"]
[Date "2003.10.17"]
[Round "6.12"]
[White "Nyback, Tomi"]
[Black "Volkmann, Friedrich"]
[Result "1-0"]
[WhiteElo "2497"]
[BlackElo "2452"]
[PlyCount "69"]
[EventDate "2003.10.17"]

1. Nf3 d5 2. d4 Nf6 3. c4 c6 4. Nc3 e6 5. Bg5 Nbd7 6. e3 Qa5 7. cxd5 Nxd5 8.
Qd2 Bb4 9. Rc1 h6 10. Bh4 O-O 11. a3 Bxc3 12. bxc3 Qxa3 13. e4 Ne7 14. Bd3 Ng6
15. Bg3 e5 16. h4 Re8 17. h5 Nf4 18. Bxf4 exf4 19. Qxf4 Nf6 20. e5 Nd5 21. Qd2
Bg4 22. Kf1 f6 23. exf6 Nxf6 24. Ne5 Rad8 25. Re1 c5 26. f3 Be6 27. g4 cxd4 28.
cxd4 Bd5 29. g5 hxg5 30. h6 Re7 31. h7+ Kf8 32. h8=Q+ {Diagram #} 32... Bg8 33.
Ng6+ Kf7 34. Rxe7+ Qxe7 35. Nxe7 1-0

[Event "ETCC"]
[Site "Plovdiv"]
[Date "2003.10.17"]
[Round "6.12"]
[White "Schroll, Gerhard"]
[Black "Maki-Uuro, Miikka"]
[Result "1/2-1/2"]
[WhiteElo "2417"]
[BlackElo "2409"]
[PlyCount "31"]
[EventDate "2003.10.17"]

1. d4 Nf6 2. c4 e6 3. Nc3 Bb4 4. Qc2 c5 5. Nf3 O-O 6. dxc5 Na6 7. Bd2 Nxc5 8.
e3 b6 9. Be2 Ba6 10. a3 Bxc3 11. Bxc3 Rc8 12. O-O Nfe4 13. Bd4 d5 14. cxd5 Bxe2
15. Qxe2 Qxd5 16. Rad1 1/2-1/2

[Event "ETCC"]
[Site "Plovdiv"]
[Date "2003.10.17"]
[Round "6.13"]
[White "Kozul, Zdenko"]
[Black "Thorhallsson, Throstur"]
[Result "1-0"]
[WhiteElo "2597"]
[BlackElo "2444"]
[PlyCount "83"]
[EventDate "2003.10.17"]

1. d4 d5 2. c4 dxc4 3. Nf3 c5 4. e3 cxd4 5. Bxc4 Qc7 6. Qb3 e6 7. exd4 a6 8.
O-O Nc6 9. Qd1 Nf6 10. Nc3 Be7 11. Be3 O-O 12. Rc1 Rd8 13. Bb3 Qd6 14. Re1 Na5
15. Bc2 b5 16. Ne4 Nxe4 17. Bxe4 Bb7 18. Bxb7 Nxb7 19. Ne5 Qd5 20. Qh5 Nd6 21.
Rc7 g6 22. Qh3 Re8 23. b3 Rac8 24. Rd7 Rcd8 {Diagram #} 25. Rxe7 Rxe7 26. Bg5
Ree8 27. Bf6 Ne4 28. Ng4 h5 29. Qh4 Rc8 30. f3 Nd6 31. Be5 Nf5 32. Nf6+ Kf8 33.
Qf4 Qc6 34. g4 Qc3 35. Kf2 Qb2+ 36. Kf1 Nh4 37. Qg3 g5 38. Nh7+ Ke7 39. Bf6+
Kd7 40. Bxg5 Ng6 41. Nf6+ Kc6 42. Nxe8 1-0

[Event "ETCC"]
[Site "Plovdiv"]
[Date "2003.10.17"]
[Round "6.14"]
[White "Kurajica, Bojan"]
[Black "Van Beers, Eddy"]
[Result "0-1"]
[WhiteElo "2557"]
[BlackElo "2431"]
[PlyCount "76"]
[EventDate "2003.10.17"]

1. d4 f5 2. g3 Nf6 3. Bg2 g6 4. Nh3 Bg7 5. Nf4 Nc6 6. d5 Ne5 7. Nc3 c6 8. e4 d6
9. exf5 Bxf5 10. h3 O-O 11. O-O Ne8 12. g4 Bd7 13. Nd3 e6 14. dxe6 Bxe6 15.
Nxe5 Bxe5 16. f4 Bg7 17. Ne4 d5 18. Nc5 Bc8 19. Kh2 Nd6 20. c3 Nc4 21. Rb1 Qd6
22. Nd3 Re8 23. Qf3 Bd7 24. a4 d4 25. cxd4 Bxd4 26. Re1 Rxe1 27. Nxe1 Re8 28.
Nc2 Bb6 29. Na3 Nxa3 30. bxa3 Re1 31. Qc3 Rd1 32. Be4 Be6 33. a5 Bxa5 34. Qc2
Qd4 35. Qg2 Bd2 36. Rxb7 Bxc1 37. Rb8+ Kg7 38. Rb7+ Bf7 0-1

[Event "ETCC"]
[Site "Plovdiv"]
[Date "2003.10.17"]
[Round "6.14"]
[White "Claesen, Pieter"]
[Black "Dizdarevic, Emir"]
[Result "0-1"]
[WhiteElo "2382"]
[BlackElo "2507"]
[PlyCount "40"]
[EventDate "2003.10.17"]

1. c4 c5 2. Nc3 g6 3. g3 Bg7 4. Bg2 Nc6 5. a3 b6 6. Nf3 Bb7 7. O-O Nf6 8. Rb1
d5 9. b4 cxb4 10. axb4 dxc4 11. Ne5 Nxe5 12. Bxb7 Rb8 13. Qa4+ Nfd7 14. Bg2 O-O
15. Nb5 a5 16. f4 Ng4 17. Na7 b5 18. Qd1 Qb6+ 19. e3 Nxe3 20. dxe3 Qxa7 0-1

[Event "ETCC"]
[Site "Plovdiv"]
[Date "2003.10.17"]
[Round "6.15"]
[White "Lalic, Bogdan"]
[Black "Bakalarz, Mieczyslaw"]
[Result "1-0"]
[WhiteElo "2503"]
[BlackElo "2320"]
[PlyCount "77"]
[EventDate "2003.10.17"]

1. Nf3 Nf6 2. c4 g6 3. Nc3 d5 4. Qa4+ Nc6 5. Nd4 Qd7 6. cxd5 Nxd5 7. Nxc6 Qxc6
8. Qxc6+ bxc6 9. g3 Bg7 10. Bg2 Be6 11. a3 O-O 12. Na4 Rab8 13. e3 Nb6 14. Nc5
Bd5 15. e4 Bc4 16. d3 Bd4 17. dxc4 Bxc5 18. Bh6 Rfd8 19. Rc1 Bd4 20. Rc2 c5 21.
b4 a6 22. Ke2 Na4 23. Bd2 Bb2 24. bxc5 Bxa3 25. c6 Bb4 26. Ra1 Nc5 27. Be3 Nd3
28. Rxa6 Ne1 29. Rb2 Nd3 30. Rb1 Ne5 31. Bh3 Nxc4 32. Ba7 Rd2+ 33. Kf1 Rb5 34.
Ra4 Nb2 35. Be3 Rd1+ 36. Rxd1 Nxd1 37. Bh6 Rb8 38. Bf4 Rb6 39. Bd7 1-0

[Event "ETCC"]
[Site "Plovdiv"]
[Date "2003.10.17"]
[Round "6.15"]
[White "Levitt, Jonathan"]
[Black "Gengler, Pierre"]
[Result "1/2-1/2"]
[WhiteElo "2423"]
[BlackElo "2149"]
[PlyCount "129"]
[EventDate "2003.10.17"]

1. d4 d5 2. c4 e6 3. Nc3 c6 4. Nf3 Nf6 5. Bg5 dxc4 6. e4 b5 7. e5 h6 8. Bh4 g5
9. Nxg5 hxg5 10. Bxg5 Nbd7 11. exf6 Bb7 12. g3 c5 13. d5 Bh6 14. Bxh6 Rxh6 15.
Bg2 b4 16. Ne4 Nxf6 17. Nxc5 Bxd5 18. Bxd5 Qxd5 19. Qxd5 Nxd5 20. h4 Ke7 21. a3
Rh5 22. O-O c3 23. axb4 cxb2 24. Rab1 Nxb4 25. Rxb2 a5 26. Na4 Rg8 27. Kh2 Rd8
28. Rc1 Rd7 29. Rc8 Rf5 30. Kg2 Nd3 31. Re2 Rd4 32. Nc3 Rc5 33. Rxc5 Nxc5 34.
Ra2 Rc4 35. Ra3 a4 36. Kf3 Rb4 37. Ke3 Kf6 38. f3 Ke5 39. f4+ Kf5 40. Kf3 Kg6
41. Ke3 Kh5 42. Kf3 Rd4 43. Nb5 Rd3+ 44. Rxd3 Nxd3 45. Ke4 Nf2+ 46. Ke3 Ng4+
47. Kd4 Nh6 48. Ke5 Ng8 49. f5 exf5 50. Kxf5 Nh6+ 51. Kf4 Kg6 52. g4 Ng8 53.
h5+ Kg7 54. g5 Ne7 55. Ke5 Nc8 56. Kd4 Nb6 57. Kc5 Nd7+ 58. Kd6 Nf8 59. Ke5 Ne6
60. Kf5 Nf8 61. Na3 Nh7 62. Nc4 Nf8 63. Ke5 Nh7 64. Kf5 f6 65. gxf6+ 1/2-1/2

[Event "ETCC"]
[Site "Plovdiv"]
[Date "2003.10.17"]
[Round "6.16"]
[White "Collins, Sam"]
[Black "Petrov, Marijan"]
[Result "1-0"]
[WhiteElo "2387"]
[BlackElo "2471"]
[PlyCount "89"]
[EventDate "2003.10.17"]

1. e4 c5 2. c3 Nf6 3. e5 Nd5 4. d4 cxd4 5. Nf3 e6 6. cxd4 d6 7. Bc4 Nb6 8. Bb3
Nc6 9. O-O dxe5 10. dxe5 Qxd1 11. Rxd1 Be7 12. Nc3 O-O 13. Be3 Nd7 14. Nb5 Rd8
15. Rac1 Nf8 16. Rxd8 Bxd8 17. Nd6 Rb8 18. Ba4 Bd7 19. b3 Bb6 20. Bxb6 axb6 21.
Rd1 h6 22. h4 Be8 23. Nd4 Ng6 24. Nxe8 Rxe8 25. Bxc6 bxc6 26. Nxc6 Nxh4 27. a4
Nf5 28. b4 Ne7 29. Rd8 Kf8 30. Rxe8+ Kxe8 31. Nxe7 Kxe7 32. f4 Kd7 33. Kf2 Kc6
34. Ke3 Kd5 35. a5 bxa5 36. bxa5 Kc5 37. a6 Kb6 38. Kd4 g5 39. fxg5 hxg5 40. g4
Kxa6 41. Kc5 Ka5 42. Kd6 Kb5 43. Ke7 Kc5 44. Kxf7 Kd5 45. Kf6 1-0

[Event "ETCC"]
[Site "Plovdiv"]
[Date "2003.10.17"]
[Round "6.16"]
[White "Vasilev, Milen"]
[Black "McMahon, Daire"]
[Result "1-0"]
[WhiteElo "2451"]
[BlackElo "2221"]
[PlyCount "79"]
[EventDate "2003.10.17"]

1. d4 Nf6 2. c4 e6 3. Nc3 Bb4 4. e3 b6 5. Bd3 Bb7 6. Nf3 Ne4 7. O-O Bxc3 8.
bxc3 f5 9. Qc2 O-O 10. Ba3 d6 11. c5 Nd7 12. cxd6 cxd6 13. Nd2 Nxd2 14. Qxd2
Nf6 15. f3 Qd7 16. c4 Rfd8 17. Bb2 Rac8 18. a4 Ba6 19. Rfc1 g6 20. Bf1 Kf7 21.
Qb4 d5 22. c5 Bxf1 23. Kxf1 bxc5 24. dxc5 Qc7 25. Qd4 e5 26. Qxe5 Qxe5 27. Bxe5
Rc6 28. Rab1 Nd7 29. Rb7 Ke6 30. Bd4 a6 31. h4 h6 32. a5 Rdc8 33. Rcb1 h5 34.
Ra7 R8c7 35. Rxc7 Rxc7 {Diagram #} 36. Rb6+ Nxb6 37. axb6 Re7 38. c6 Re8 39. b7
Kd6 40. Be5+ 1-0

[Event "ETCC"]
[Site "Plovdiv"]
[Date "2003.10.17"]
[Round "6.17"]
[White "Kotronias, Vasilios"]
[Black "Shaw, John"]
[Result "1-0"]
[WhiteElo "2626"]
[BlackElo "2465"]
[PlyCount "57"]
[EventDate "2003.10.17"]

1. e4 e6 2. d4 d5 3. Nd2 Nf6 4. e5 Nfd7 5. c3 c5 6. Bd3 Nc6 7. Ne2 cxd4 8. cxd4
f6 9. exf6 Nxf6 10. Nf3 Bd6 11. O-O O-O 12. Bf4 Bxf4 13. Nxf4 Ne4 14. g3 g5 15.
Nh5 e5 16. Nxe5 Nxd4 17. Qa4 Qb6 18. Bxe4 dxe4 19. Rad1 Nf3+ 20. Nxf3 exf3 21.
Qc4+ Rf7 22. Rd5 h6 23. Re1 Bh3 24. Qd3 Rc8 25. Rd6 Bf5 26. Nf6+ Rxf6 27. Qd5+
Kg7 28. Rxb6 axb6 29. Qxb7+ 1-0